000 00710nam a2200205Ii 4500
003 JO-AjNU
008 230605s9999||||xx |||||||||||||| ||und||
017 _a1990/10/651
040 _aJO-AjNU
_bara
_erda
_cJO-AjNU
041 _aara
050 1 4 _aQA303.M8364 1991
100 3 _aاسماعيل ، محمد علي/ م مشارك باسم كراجة,
_eauthor
_99452
245 0 0 _aالمساعد في الرياضيات النهايات والتفاضل والتكامل
264 3 1 _aعمان:دار الشروق ، د.ت
300 _a198ص
336 _atext
_btxt
_2rdacontent
337 _aunmediated
_bn
_2rdamedia
338 _avolume
_bnc
_2rdacarrier
650 4 _aالرياضيات - تعلم
_99453
999 _aA1309
_c4877
_d4877